| 000 | 01072nam a2200229Ia 4500 | ||
|---|---|---|---|
| 003 | Ost | ||
| 005 | 20260507075143.0 | ||
| 008 | 260507s9999||||xx |||||||||||||| ||und|| | ||
| 040 | _cfsecg | ||
| 041 | _aara | ||
| 082 | _a330 | ||
| 100 |
_aحريز، سامي محمد هشام _eمؤلف |
||
| 245 | 0 |
_aأساسيات إدارة الأعمال : _bمهارات نظرية و تطبيقية / _c سامي محمد هشام حريز |
|
| 260 |
_aعمان: _bدار قنديل للنشر والتوزيع, _c2008 |
||
| 300 |
_a304 صفحة؛ _bإيضاحات ؛ _c24 سم |
||
| 504 | _aالمراجع ص.297 | ||
| 520 | _aمفهوم المهارة والإبداع- الإدارة والتغيير التنظيمي- مهارات وفنون في عالم الإدارة- الإبداع والنجاح في عالم الإدارة- الخبرة والسياسة في عالم الإدارة- العيوب في إدارة الأعمال | ||
| 653 | _aإدارة الأعمال | ||
| 653 | _aالإبداع | ||
| 653 | _aالإدارة العامة | ||
| 942 | _cكتاب | ||
| 999 |
_c43308 _d43308 |
||